Uma Corte Para Ladras (Um trono para irmãs-Livro #2)

Saved in:
Bibliographic Details
Main Author Morgan, Rice
Format Electronic eBook
LanguageCzech
Published Lukeman Literary 2019
Edition1. elektronické vydání
Subjects
Online AccessDostupné v BOOKPORT po přihlášení pomocí eduID
ISBN9781640298552
9781640298550
Physical Description1 online zdroj (250 stran)

Cover

LEADER 00000nam a2200000 i 4500
001 bkp761718838
003 CZ-prgp
005 20210922093518.0
006 m o d
007 cr cn
008 210922s2019 xr o 000 1 cze
020 |a 9781640298552  |c 78 Kč  |q (online ; epub) 
020 |a 9781640298550  |c 78 Kč  |q (print) 
040 |a Grada  |b cze  |e rda 
100 1 |a Morgan, Rice 
245 1 0 |a Uma Corte Para Ladras (Um trono para irmãs-Livro #2)  |c Rice Morgan 
250 |a 1. elektronické vydání 
264 1 |b Lukeman Literary  |c 2019 
300 |a 1 online zdroj (250 stran) 
336 |a text  |b txt  |2 rdacontent 
337 |a počítač  |b c  |2 rdamedia 
338 |a online zdroj  |b cr  |2 rdacarrier 
520 3 |a "Morgan Rice surgiu com o que promete ser mais uma série brilhante, submergindo-nos numa fantasia de valentia, honra, coragem, magia e fé no seu destino. Morgan conseguiu mais uma vez produzir um conjunto forte de personagens que nos faz torcer por eles em todas as páginas... Recomendado para a biblioteca permanente de todos os leitores que adoram uma fantasia bem escrita." -- Books and Movie Reviews, Roberto Mattos, (sobre a Ascensão dos Dragões) De Morgan Rice, Bestseller #1, chega uma nova série inesquecível de fantasia. Em UMA CORTE PARA LADRAS (Um Trono para Irmãs - Livro Dois), Sophia, de 17 anos, encontra o seu mundo virado de pernas para o ar ao ser afastada do mundo romântico da aristocracia e de volta aos horrores do orfanato. Desta vez, as freiras parecem ter a intenção de a matar. No entanto, isso não lhe dói tanto como o seu coração destroçado. Será que Will se vai aperceber do seu erro e vai voltar para ela? A sua irmã mais nova, Kate, de 15 anos, embarca no seu treino com a bruxa, atingindo a maioridade sob os seus auspícios, dominando a espada, ganhando mais poder do que ela alguma vez imaginou ser possível - e determinada a embarcar numa missão para salvar a sua irmã. Ela dá por si imersa num mundo de violência e combate, de magia que anseia - e, porém, numa que a pode vir a consumir. Um segredo é revelado sobre os pais desaparecidos de Sophia e Kate, e tudo pode parecer o que não é para as irmãs. O destino, na verdade, pode estar virado de cabeça para baixo. UMA CORTE PARA LADRAS (Um Trono para Irmãs - Livro #2) é o segundo livro de uma deslumbrante nova série de fantasia repleta de amor, desgosto, tragédia, ação, magia, feitiçaria, destino e suspense de tirar o fôlego. Um livro que não se quer parar de ler, ele é preenchido com personagens que vão fazer com que você se apaixone, e com um mundo que você nunca vai esquecer. Livro #3 na série-UMA CANÇÃO PARA ORFÃS-será publicado brevemente. "Uma ação carregada de fantasia que irá certamente agradar aos fãs das histórias anteriores de Morgan rice, juntamente com os fãs de trabalhos tais como O Ciclo da Herança de Christopher Paolini...Fãs de ficção para jovens adultos irão devorar este último trabalho de Rice e suplicar por mais." --The Wanderer, A Literary Journal (sobre a Ascensão dos Dragões) 
650 0 4 |a Young Adult, New Adult 
856 4 0 |u https://www.bookport.cz/AccountSaml/SignIn/?idp=https://shibboleth.utb.cz/idp/shibboleth&returnUrl=/kniha/uma-corte-para-ladras-um-trono-para-irmas-livro-2-9435/  |y Dostupné v BOOKPORT po přihlášení pomocí eduID